00526nam a22001817a 450000500170000001000260001702000260004303500140006903500140008303700090009708200120010610000170011824500630013526000380019827000510023630000320028770000250031920241202142515.0 aENG-132260 ENG-142772 a9789389845761c360.00 aEN-115792 aEN-126304 bDBAD a004.678 aJain, Satish aIOT and Its Applications/cBy Satish Jain and Shashi Singh aNew DelhibBPB Publicationsc2020 bNew Delhia20, Ansari Road, Darya Ganje110002 axiv,329p.bIndexc28cm(pbk) aShashi SingheAuthor